| 000 | 00604cab a2200217 4500 | ||
|---|---|---|---|
| 001 | ABS44102 | ||
| 008 | 090401t1991 xxu||||| |||| 00| 0 eng d | ||
| 035 | _a(Sirsi) u45360 | ||
| 041 | _aeng | ||
| 100 | _aBill, P. | ||
| 245 | _aHow not to make money | ||
| 260 | _c1991 | ||
| 350 | _a0 | ||
| 490 |
_aBuilding _v256(7683) 1 March 1991, 14-15(2) |
||
| 520 | _aDescribes the new village set up at Tircoed Forest by Pentref Development Company , a non-profit making developer. | ||
| 650 | _aHOUSE BUILDING | ||
| 650 | _aNEW SETTLEMENTS | ||
| 690 | _aHOUSING | ||
| 942 | _n0 | ||
| 948 | _c04/03/1997 | ||
| 999 |
_c28804 _d28804 |
||